Fundamentals of business communication / (Record no. 356374)
[ view plain ]
| 000 -LEADER | |
|---|---|
| fixed length control field | 00314nam a2200109Ia 4500 |
| 008 - FIXED-LENGTH DATA ELEMENTS--GENERAL INFORMATION | |
| fixed length control field | 180323s9999 xx 000 0 und d |
| 020 ## - INTERNATIONAL STANDARD BOOK NUMBER | |
| International Standard Book Number | 9789712368196 |
| 100 ## - MAIN ENTRY--PERSONAL NAME | |
| Personal name | Abulencia, Efren F. |
| 245 ## - TITLE STATEMENT | |
| Title | Fundamentals of business communication / |
| 260 ## - PUBLICATION, DISTRIBUTION, ETC. (IMPRINT) | |
| Place of publication, distribution, etc | Quezon City : |
| Name of publisher, distributor, etc | 2014 |
| Date of publication, distribution, etc | REX printing |
| 300 ## - PHYSICAL DESCRIPTION | |
| Extent | vii, 162 pages |
| Withdrawn status | Lost status | Damaged status | Home library | Current library | Shelving location | Date acquired | Source of acquisition | Total Checkouts | Full call number | Barcode | Date last seen | Price effective from | Koha item type |
|---|---|---|---|---|---|---|---|---|---|---|---|---|---|
| College Library | College Library | Filipiniana Section | 03/23/2018 | Library Fund | HF 5718.3 .Ab166 2014 | C21476 | 05/08/2018 | 03/23/2018 | Books |